000 02199nam a2200373 c 4500
003 BLK
005 20230407030406.0
008 180412b bul|||||r ||||||| ||bul||
010 _aKNG00004370000
020 _a954-430-181-Х
_bиздат.: БАН - на том(т. 2)
040 _aBLK
041 _aBUL
_cBUL
080 _aЗначение на периодичния печат. Организация и планиране на работата на редакцията. Подразделя се като 070
_b050
_x(497.2)(091)
_z050(497.2)(091)
080 _aБългарска литература
_b821.163.2
_x(091)
_z821.163.2(091)
700 1 _aСестримски, Иван
_eред. кол. на том
_9363551
139 _aПериодика и литература
_bП 37
245 1 0 _aПериодика и литература
_bПоредица за изследвания за лит. в бълг. период. печат 1877 - 1944 : Т. 1 -
_cред. кол. на том Иван Сестримски.
_nТ. 2
_pЛитературни списания и вестници, смесени списания, хумористични издания 1893 - 1901
257 _aBGR
260 София
_c1985 -
300 _c25 см
380 _a0
500 _aИзд. на БАН. Инст. за лит.
650 4 _aПериодичен печат - България - история
_9244176
650 4 _aБългарска литература, 1878-1944 г.
_9247058
651 4 _aБългария
_9241624
653 _aбългарска литература
653 _aпериодичен печат
760 1 _3- на том(т. 2)
_dБАН, 1993
_h624 с.
_nДруги ред.: К. Бъклова, С. Беляева, Е. Трайкова. - Именен показалец-речник ; Азб. съдърж. на разраб. период. изд.
_tТ. 2 Литературни списания и вестници, смесени списания, хумористични издания 1893 - 1901
852 _aЦб 139773
856 4 _qpdf
_u
856 4 _qpdf
_u
942 _cKNG
_n0
944 _aCR
_c15.01.2003
_kЛюдмила_Стоянова
944 _aED
_c14.12.2012
_k
999 _c3299
_d3299